El Mar Negro: del siglo de Pericles a la actualidad
Uloženo v:
| Hlavní autor: | |
|---|---|
| Médium: | Kniha |
| Jazyk: | španělština |
| Vydáno: |
Barcelona
TusQuets
2016
|
| Vydání: | 1a. ed |
| Edice: | Tiempo de Memoria, 10
|
| Témata: | |
| Tagy: |
Přidat tag
Žádné tagy, Buďte první, kdo vytvoří štítek k tomuto záznamu!
|
MARC
| LEADER | 00000cam a2200000 a 4500 | ||
|---|---|---|---|
| 001 | UCC0096 | ||
| 003 | CL-VaPUC | ||
| 008 | 170721e20160000sp |||||||||||||||||spa|d | ||
| 020 | |a 9788490662830 | ||
| 082 | 0 | 4 | |a 909.06389 |b ASC |2 21 |
| 100 | 0 | |a Ascherson, Neal |e author |9 594015 | |
| 245 | 1 | 3 | |a El Mar Negro: del siglo de Pericles a la actualidad |
| 250 | |a 1a. ed | ||
| 300 | |a 356 p | ||
| 942 | |c BK | ||
| 945 | |d 20170721 23:47:00 |a dcastane | ||
| 260 | |a Barcelona |b TusQuets |c 2016 | ||
| 650 | 0 | |a Historia universal |9 266877 | |
| 650 | 0 | |a Historia de Europa |9 392003 | |
| 651 | 7 | |a MAR NEGRO |2 CL-VaPUC |9 531314 | |
| 583 | |a last modification |c 20170721 23:47:00 |k Rodrigo Vera | ||
| 490 | 0 | |a Tiempo de Memoria, 10 | |
| 999 | |c 369044 |d 369042 | ||
| 952 | |0 0 |1 0 |3 erb |4 0 |6 909_063890000000000_ASC_2016 |7 0 |8 A |9 484580 |a BIBHIS |b BIBHIS |i 5409322 |o 909.06389 ASC 2016 |p 5409322 |r 2025-01-20 |w 2019-11-24 |y BK |z Catalogado en:20170721 |k HIS | ||